[Event "EGY-chT 0708"]
[Site "Egypt"]
[Date "2007.11.23"]
[Round "3"]
[White "Lotfy, Abdel Rahman"]
[Black "Tawfeik, Moustafa"]
[Result "1-0"]
[WhiteElo "2171"]
[BlackElo "2160"]
[PlyCount "129"]
[EventDate "2007.11.02"]
[EventType "team-tourn"]
[EventRounds "3"]
[EventCountry "EGY"]
[SourceTitle "EXT 2009"]
[Source "ChessBase"]
[SourceDate "2008.11.26"]
[SourceVersion "1"]
[SourceVersionDate "2008.11.26"]
[SourceQuality "1"]
[WhiteTeam "El Helal"]
[BlackTeam "Asiut"]
[WhiteTeamCountry "EGY"]
[BlackTeamCountry "EGY"]

1. d4 Nf6 2. c4 g6 3. Nc3 Bg7 4. e4 d6 5. f3 0-0 6. Be3 e5 7. Nge2 Nc6 8. d5 Ne7 9. Qd2 c6 10. dxc6 bxc6 11. Rd1 Be6 12. Qxd6 Qxd6 13. Rxd6 Bxc4 14. b3 Be6 15. Na4 Nd7 16. Nec3 Rfc8 17. Ba6 Rc7 18. Nc5 Nxc5 19. Bxc5 Bf8 20. Rd1 f6 21. Ke2 Kf7 22. Na4 Bc8 23. Bc4+ Be6 24. Bxe6+ Kxe6 25. Rd6+ Kf7 26. Rhd1 Rac8 27. Rd8 f5 28. R1d7 Rxd7 29. Rxd7 fxe4 30. fxe4 Ra8 31. Rxa7 Rxa7 32. Bxa7 Nc8 33. Bc5 Nd6 34. Bxd6 Bxd6 35. Nb6 Bc5 36. Nc4 Ke6 37. a3 Bg1 38. h3 Bd4 39. Kd3 Kd7 40. b4 Kc7 41. a4 Ba1 42. Nd2 Bd4 43. Nf3 Bb2 44. Kc2 Ba1 45. Kb3 Kb6 46. Ng5 h6 47. Ne6 g5 48. g4 Ka6 49. a5 Kb7 50. Nd8+ Kc7 51. Nf7 Bd4 52. Kc4 Kd7 53. Nxh6 Ke6 54. Nf5 Bf2 55. b5 cxb5+ 56. Kxb5 Kd7 57. a6 Kc7 58. Nh6 Be3 59. Nf7 Bf4 60. Kc5 Be3+ 61. Kd5 Bf4 62. Nxe5 Kb6 63. Ng6 Kxa6 64. h4 Kb7 65. h5 1-0